000 00261nam a2200109Ia 4500
100 _aThierauf/Robert J
942 _cBK
654 _asystem
245 _aSystem Analysis and design A Case study approach
260 _bCBS
_aNew Delhi
_c1986
546 _aENGLISH
999 _c34379
_d34379